00838nam a22002657a 4500008004100000040001800041041000800059100002300067245012900090250001100219260004200230300001800272500010000290600001500390650001700405650001000422650000700432650002000439650000900459650001600468650002700484650001300511650001900524700002900543130821s1954 sp gr spa  aCo-BoUCMbspa00aspa aOlgiati, Francisco00aSilabario del cristianismocFrancisco Olgiati, versión de la vigésimoséptima edición italiana por Cipriano Monserrat a3a. ed aBarcelona (España)bLuis Gilic1954 a254 páginas aIncluye bibliografía e índice. -- Este libro se encuentra en el depósito de la biblioteca aJesucristo04aCristianismo04aDogma04aFe04aLo sobrenatural04aMisa04aSacramentos04aTeología dogmática04aTrinidad04aVida cristiana aMonserrat, Cipriano.eTr